| 000 | 00886nam a2200217Ia 4500 | ||
|---|---|---|---|
| 003 | OSt | ||
| 005 | 20250902143638.0 | ||
| 008 | 210210b1995 xxu||||| |||| 00| 0 eng d | ||
| 040 | _cAL | ||
| 041 | _aKannada | ||
| 082 | _aK894.109 NARP | ||
| 100 |
_aNARASIMHACHAR (S G). _dನರಸಿಮಾಚಾರ್ (ಎಸ್ ಜಿ ) _9202992 |
||
| 245 |
_aPampakavi Virachitam Adipuranam _b ಪಂಪಕವಿ ವಿರಚಿತಂ ಆದಿಪುರಾಣಂ |
||
| 260 |
_aBengaluru. _bKannada Mattu Samskrathi Nirdeshanalaya., _c1995 |
||
| 300 | _axv,464 | ||
| 520 | _aPampakavi Virachitam Adipuranam Pitike Kathasara Parishkratapatya Anubanda ಪೀಠಿಕೆ ಕಥಾಸಾರ ಪರಿಷ್ಕೃತ ಪಠ್ಯ ಅನುಬಂಧ | ||
| 650 |
_aAdipuranam Venkatachala Shastry _9202993 |
||
| 690 |
_aKannada Poetry Criticism _9202994 |
||
| 906 | _a057732 | ||
| 942 |
_2ddc _cBK |
||
| 999 |
_c105380 _d105380 |
||